Culture Générale - Série 2469 - Statistiques

Statistiques générales
  • Ce quiz a été pris 157 fois
  • Le résultat moyen est 5 sur 10
Statistiques - réponses
Question Réponse % Correct
Comment appelle-t-on un fruit à pulpe épaisse, comme l'orange ou le citron ? agrume
83%
Substance jaunâtre, cireuse, sécrétée dans le conduit auditif externe des humains et autres mammifères. cérumen
82%
Dans quel pays se trouve la province d'Alberta ? Canada
79%
De quel pays Lomé est-il la capitale ? Togo
71%
Échantillon de personnes auprès desquelles est faite une enquête d'opinion (anglicisme) panel
55%
Par quel nom d'animal désigne-t-on un voleur qui sévit dans les hôtels ? rat
49%
Quelle est la nationalité de l'animatrice de télévision, présentatrice météo et mannequin Tatiana Silva ? voir photo belge
33%
Navire à vapeur (vieilli)(anglicisme) steamer
21%
Comment appelle-t-on également la plante herbacée vivace "origan" ? marjolaine
20%
Quel adjectif de 6 lettres est "relatif à l'hiver" ? hiemal
6%
Aucun quiz correspondant
Distribution des résultats
% des personnes avec chaque résultat
Percentile par nombre de réponses
Votre historique - résultats
Vous n’avez pas pris ce quiz